Biblioteca Salvat de Grandes Temas : (Record no. 6547)
[ view plain ]
| 000 -CABECERA | |
|---|---|
| fixed length control field | 01203nam a22002417a 4500 |
| 003 - IDENTIFICADOR DEL NÚMERO DE CONTROL | |
| control field | AR-CdUCM |
| 008 - DATOS DE LONGITUD FIJA--INFORMACIÓN GENERAL | |
| fixed length control field | 190318b ||||| |||| 00| 0 spa d |
| 040 ## - FUENTE DE LA CATALOGACIÓN | |
| Agencia/entidad que catalogó originalmente la obra | MUNICIPALIDAD PROVINCIAL DEL CUSCO |
| Entidad que transcribió la catalogación | BIBLIOTECA MUNICIPAL DEL CUSCO |
| 082 ## - NÚMERO DE LA CLASIFICACIÓN DECIMAL DEWEY | |
| No. de Clasificación | 080 / |
| Notacion interna | SA18 |
| 110 ## - ENTRADA PRINCIPAL--NOMBRE DE ENTIDAD CORPORATIVA | |
| Nombre de la institución, jurisdicción como entrada principal | Salvat Editores, S.A. |
| 9 (RLIN) | 18368 |
| 245 ## - MENCIÓN DE TÍTULO | |
| Título | Biblioteca Salvat de Grandes Temas : |
| Resto del título | La explosión demográfica / |
| 260 ## - PUBLICACIÓN, DISTRIBUCIÓN, ETC. | |
| Lugar de publicación, distribución, etc. | España |
| Nombre de la editorial, distribuidor, etc. | Salvat Editores, S.A., |
| Fecha de publicación, distribución, etc. | 1974. |
| 300 ## - DESCRIPCIÓN FÍSICA | |
| Otros detalles físicos | Ilustraciones en color, |
| Dimensiones | 20 cm. |
| 440 ## - MENCIÓN DE SERIE/PUNTO DE ACCESO ADICIONAL--TÍTULO | |
| Título | Biblioteca Salvat de Grandes Temas |
| Número de la parte/sección de una obra | 15 |
| 9 (RLIN) | 18369 |
| 505 ## - NOTA DE CONTENIDO CON FORMATO | |
| Nota de contenido formateada | Contenido: <br/>1. La contaminación, 2.Historia mundial desde 1939, 3.La formación de la tierra, 4. El nacimiento de un niño, 5.El cine, arte e industria, 6.Los átomos, 7.El arte abstracto y arte figurativo 8.El origen del hombre, 9.Las noticias y la información, 10.El sistema solar, 11.La pobreza en las grandes ciudades, 12.Nuevos rumbos del teatro, lingüística y significación, 14.La televisión, 15. La explosión demográfica |
| 650 ## - PUNTO DE ACCESO ADICIONAL DE MATERIA--TÉRMINO DE MATERIA | |
| Descriptor | Enciclopedia |
| 9 (RLIN) | 18213 |
| 650 ## - PUNTO DE ACCESO ADICIONAL DE MATERIA--TÉRMINO DE MATERIA | |
| Descriptor | Humanidades |
| 9 (RLIN) | 641 |
| 650 ## - PUNTO DE ACCESO ADICIONAL DE MATERIA--TÉRMINO DE MATERIA | |
| Descriptor | Cultura |
| 9 (RLIN) | 126 |
| 650 ## - PUNTO DE ACCESO ADICIONAL DE MATERIA--TÉRMINO DE MATERIA | |
| Descriptor | Colección |
| 9 (RLIN) | 2826 |
| 650 ## - PUNTO DE ACCESO ADICIONAL DE MATERIA--TÉRMINO DE MATERIA | |
| Descriptor | demografía |
| 9 (RLIN) | 1556 |
| 942 ## - ELEMENTOS DE PUNTO DE ACCESO ADICIONAL (KOHA) | |
| Fuente de clasificación | |
| Tipo de item | Libros-BMC |
| 945 ## - PROCESAMIENTO DE INFORMACIÓN LOCAL (OCLC) | |
| Catalogador | dmma |
No items available.